• 首页
  • 本馆介绍
  • 公告通知
  • 最新文献
  • 馆藏检索
  • 电子资源
  • 读者导购
  • 参考咨询
  • 我的图书馆
  • 登录
  • 详细信息显示
  • 放入我的书架
  • 预约/预借图书
  • 作者相关作品
  • 分类相关作品
  • 丛书相关作品
  • 出版社相关作品

书目信息

  • 表格格式
  • 工作单格式
  • 卡片格式
题名:
声光原理与声光器件
    
 
作者: 俞宽新 , 丁晓红 , 庞兆广 编著
分册:  
出版信息: 北京   科学出版社  2011
页数: 12,401页
开本: 24cm
丛书名: 光学与光子学丛书
单 册:
中图分类: O42 , O43
科图分类:
主题词: 声学--理论 , 光学--理论 , 声光器件 , 声学 , 光学
电子资源:
ISBN: 978-7-03-031246-4
000 01276oam2 2200349 450
001 519
005 20140910084606.53
010    @a978-7-03-031246-4@b精装@dCNY88.00
100    @a20110823d2011 em y0chiy50 ea
101 0  @achi
102    @aCN@b110000
105    @ay z 000yy
106    @ar
200 1  @a声光原理与声光器件@ASheng Guang Yuan Li Yu Sheng Guang Qi Jian@f俞宽新,丁晓红,庞兆广编著@FYu Kuan Xin, Ding Xiao Hong, Pang Zhao Guang Bian Zhu
210    @a北京@c科学出版社@d2011
215    @a12,401页@d24cm
225 2  @a光学与光子学丛书
300    @a中国科学院科学出版基金资助出版 北京工业大学“211工程”资助出版 “十二五”国家重点图书出版规划项目
330    @a本书分成四个部分,分别介绍了声光技术所需入门理论基础,声光学理论的核心内容,声光器件的设计方法和声光器件的应用,并阐述了声光器件的工作原理、设计方法、制作工艺、性能测试以及实际应用。
461  0 @12001 @a光学与光子学丛书
606 0  @a声学@x理论
606 0  @a光学@x理论
606 0  @a声光器件
606 0  @a声学
606 0  @a光学
690    @aO42@v5
690    @aO43@v5
701  0 @a俞宽新@AYu Kuan Xin@f(1946~)@4编著
701  0 @a丁晓红@ADing Xiao Hong@4编著
701  0 @a庞兆广@APang Zhao Guang@4编著
801  0 @aCN@bTANGWEI@c20140603
905    @b0838072-74@dO42@e24@f3
    
    声光原理与声光器件/俞宽新,丁晓红,庞兆广编著.-北京:科学出版社,2011
    12,401页;24cm.-(光学与光子学丛书)
    中国科学院科学出版基金资助出版 北京工业大学“211工程”资助出版 “十二五”国家重点图书出版规划项目
    
    ISBN 978-7-03-031246-4(精装):CNY88.00
    本书分成四个部分,分别介绍了声光技术所需入门理论基础,声光学理论的核心内容,声光器件的设计方法和声光器件的应用,并阐述了声光器件的工作原理、设计方法、制作工艺、性能测试以及实际应用。
●
相关链接 在E读中查询图书 在五车中查询图书 在当当中查询图书 在豆瓣中查询图书


正题名:声光原理与声光器件     索取号:O42/24         预约/预借

序号 登录号 条形码 馆藏地/架位号 状态 备注
1 0838072   208380722   第二样本阅览室/ [索取号:O42/24] 在馆    
2 0838073   208380731   密集书库-物理学院/ [索取号:O42/24] 在馆    
3 0838074   208380740   第三借阅区/ [索取号:O42/24] 在馆    
唐山师范学院图书馆 欢迎您!
大连网信软件有限公司© 版权所有